000 00513nam a2200193 a 4500
001 1770288092120
003 YourLibrary
005 20260205161445.0
008 260205s2003##################000#0#eng##
020 _a9783631513637
082 0 4 _a305.8310417
_bORE
100 1 _aO'Reilly, Claire,
_eauthor.
245 1 0 _aThe Expatriate Life :
260 _bPeter Lang Pub Incorporated,
_c2003.
300 _a377 pages
650 0 _aSocial Science.
942 _cENGLISH
040 _aYourLibrary
_beng
_cYourLibrary
999 _c610570
_d610570